[Event "Newport Open"]
[Site "?"]
[Date "2023.09.09"]
[Round "3"]
[White "Ashworth, Michael"]
[Black "Arkell, Keith"]
[Result "0-1"]
[WhiteElo "2007"]
[BlackElo "2352"]
[PlyCount "96"]
[SourceVersionDate "2023.09.11"]

1. d4 e6 2. c4 Bb4+ 3. Bd2 Bxd2+ 4. Qxd2 d6 5. Nf3 Qe7 6. Nc3 Nf6 7. g3 O-O 8. Bg2 e5 9. O-O Re8 10. e4 Bg4 11. d5 Bxf3 12. Bxf3 a5 13. a3 Na6 14. Na4 Nc5 15. Nxc5 dxc5 16. b3 Red8 17. Qc3 Ra6 18. Bg2 c6 19. Rae1 Re8 20. f4 Raa8 21. Kh1 h6 22. Bf3 Qc7 23. Bg2 b5 24. cxb5 cxb5 25. a4 bxa4 26. bxa4 c4 27. Rd1 Rac8 28. Rb1 exf4 29. Rxf4 Qe5 30. Rc1 Rc5 31. Kg1 Qxc3 32. Rxc3 Nd7 33. Rf2 Rb8 34. Bh3 Ne5 35. Kf1 Kf8 36. Rd2 Ke7 37. Ke2 Kd6 38. Bf1 Rb1 39. Rd1 Rb4 40. Ke3 Rxa4 41. Kd4 Rb4 42. Rdc1 a4 43. h3 f6 44. Be2 Rb2 45. R1c2 a3 46. Bd1 Ra5 47. Rxa3 Rxa3 48. Rxb2 Rd3# 0-1

[Event "Newport Open"]
[Site "?"]
[Date "2023.09.08"]
[Round "1"]
[White "Hill, Andy"]
[Black "Arkell, Keith"]
[Result "0-1"]
[WhiteElo "1846"]
[BlackElo "2352"]
[PlyCount "78"]
[SourceVersionDate "2023.09.11"]

1. Nf3 Nf6 2. c4 b6 3. d4 e6 4. a3 c5 5. Nc3 cxd4 6. Nxd4 Bb7 7. Qc2 Bc5 8. e3 Nc6 9. Nxc6 Bxc6 10. b4 Be7 11. Be2 a5 12. b5 Bb7 13. Bb2 Rc8 14. Rd1 Qc7 15. Qb1 h5 16. f3 Bc5 17. Qd3 h4 18. Na4 Rh5 19. Nxc5 Rxc5 20. Qd6 h3 21. g3 Rxc4 22. Qxc7 R4xc7 23. Bd4 Nd5 24. e4 Nc3 25. Bxb6 Nxd1 26. Bxc7 Rxc7 27. Bxd1 Rc3 28. a4 d5 29. Kd2 Ra3 30. Re1 d4 31. Kc1 Kd7 32. Kb2 Rd3 33. Kc2 Rc3+ 34. Kb2 Kd6 35. f4 Kc5 36. Bg4 Kb4 37. Bxh3 d3 38. Bf1 Rc2+ 39. Kb1 d2 0-1

[Event "Newport Open"]
[Site "?"]
[Date "2023.09.08"]
[Round "1"]
[White "Blackburn, Jonathan"]
[Black "Harris, Callum"]
[Result "1-0"]
[WhiteElo "2198"]
[BlackElo "1807"]
[PlyCount "39"]
[SourceVersionDate "2023.09.11"]

1. d4 d5 2. c4 e6 3. Nc3 Nf6 4. Nf3 Be7 5. Bf4 c6 6. e3 Nbd7 7. Qc2 O-O 8. h3 Qa5 9. Nd2 h6 10. a3 c5 11. dxc5 e5 12. b4 Qd8 13. Bh2 d4 14. exd4 exd4 15. Nb5 Bxc5 16. Bd3 Qe7+ 17. Kf1 Ne8 18. bxc5 Nxc5 19. Re1 Qg5 20. Re5 1-0

[Event "Newport Open"]
[Site "?"]
[Date "2023.09.08"]
[Round "1"]
[White "Bullen, Alex"]
[Black "Smith, Alun"]
[Result "1-0"]
[WhiteElo "2128"]
[BlackElo "1756"]
[PlyCount "39"]
[SourceVersionDate "2023.09.11"]

1. d4 d5 2. Bf4 Nf6 3. e3 Bf5 4. c3 e6 5. Nf3 Bd6 6. Bg3 Nbd7 7. Qb3 O-O 8. c4 dxc4 9. Bxc4 Nb6 10. Be2 Ne4 11. Nc3 c6 12. Nh4 Nxc3 13. bxc3 Be4 14. f3 Bxg3+ 15. hxg3 Bg6 16. Nxg6 hxg6 17. Kf2 Re8 18. Rh3 Qf6 19. Rah1 Kf8 20. Qb4+ 1-0

[Event "Newport Open"]
[Site "?"]
[Date "2023.09.08"]
[Round "1"]
[White "Hannigan, Jack"]
[Black "Stubbs, Oliver"]
[Result "0-1"]
[WhiteElo "1745"]
[BlackElo "2080"]
[PlyCount "70"]
[SourceVersionDate "2023.09.11"]

1. e4 e6 2. d4 d5 3. Nd2 c5 4. Ngf3 cxd4 5. exd5 Qxd5 6. Bc4 Qd6 7. O-O Nf6 8. Nb3 Nc6 9. Nbxd4 Nxd4 10. Nxd4 Be7 11. b3 O-O 12. Bb2 Qf4 13. Qf3 Qxf3 14. Nxf3 Rd8 15. Rad1 Bd7 16. Ne5 Be8 17. a4 a6 18. Rxd8 Rxd8 19. Be2 Ne4 20. Bd3 Nc5 21. Rd1 f6 22. Nf3 Kf8 23. Be2 Rc8 24. h4 e5 25. g3 Bg6 26. Ne1 Rc7 27. Bg4 Ke8 28. Kf1 Ne4 29. c4 Nc5 30. b4 Nxa4 31. Rd2 Bxb4 32. Re2 Nxb2 33. Rxb2 Bxe1 34. Kxe1 Rxc4 35. Rxb7 Rxg4 0-1

[Event "Newport Open"]
[Site "?"]
[Date "2023.09.08"]
[Round "1"]
[White "Young, Alan"]
[Black "Davies, Callum"]
[Result "1-0"]
[WhiteElo "2046"]
[BlackElo "1734"]
[PlyCount "59"]
[SourceVersionDate "2023.09.11"]

1. e4 e5 2. Nf3 Nc6 3. Bb5 f5 4. d4 fxe4 5. Nxe5 Nxe5 6. dxe5 c6 7. Nc3 cxb5 8. Nxe4 d5 9. exd6 Nf6 10. Bg5 Qa5+ 11. Nc3 b4 12. Bxf6 gxf6 13. Nd5 Kf7 14. Qf3 Bg7 15. O-O h5 16. Rfe1 Bg4 17. Re7+ Kg6 18. Qd3+ Bf5 19. Qg3+ Bg4 20. Nf4+ Kh6 21. h3 Bf8 22. Re6 Rg8 23. hxg4 Rxg4 24. Rxf6+ Kg7 25. Rg6+ Kh8 26. Rxg4 hxg4 27. Qh4+ Kg8 28. Qxg4+ Bg7 29. Nh5 Qe5 30. Qxg7+ 1-0

[Event "Newport Open"]
[Site "?"]
[Date "2023.09.08"]
[Round "1"]
[White "Hilditch-Love, Daniel"]
[Black "Musson, Adam"]
[Result "0-1"]
[WhiteElo "1722"]
[BlackElo "2018"]
[PlyCount "98"]
[SourceVersionDate "2023.09.11"]

1. d4 Nf6 2. g3 d5 3. Nf3 c5 4. Bg2 Nc6 5. O-O e6 6. b3 cxd4 7. Nxd4 Bc5 8. Bb2 O-O 9. e3 Re8 10. Nd2 e5 11. Nxc6 bxc6 12. c4 Bg4 13. Qc2 Rc8 14. Rfe1 Qd7 15. a3 Bf5 16. Qd1 d4 17. b4 dxe3 18. fxe3 Rcd8 19. Nf1 Qe6 20. Qc1 Bb6 21. c5 Bc7 22. e4 Bh3 23. Qc2 Bxg2 24. Kxg2 Rd7 25. Ne3 Red8 26. Nc4 Ng4 27. h3 Nf6 28. Re3 h5 29. Rf1 h4 30. g4 Nh7 31. Rf5 g6 32. Rf2 Ng5 33. Qc3 f6 34. Qc2 Kg7 35. Qe2 Qe7 36. Bc3 Ne6 37. Qf1 Nf4+ 38. Kh2 Qe6 39. Rd2 Rxd2+ 40. Bxd2 Rd4 41. Rc3 Rxe4 42. Ne3 Rd4 43. Be1 Qa2+ 44. Kh1 Nd5 45. Nxd5 Qxd5+ 46. Kg1 Rd1 47. Qf2 Qd4 48. Re3 e4 49. Qe2 Bf4 0-1

[Event "Newport Open"]
[Site "?"]
[Date "2023.09.08"]
[Round "1"]
[White "Ashworth, Michael"]
[Black "Szakmany, Bence"]
[Result "1-0"]
[WhiteElo "2007"]
[BlackElo "1700"]
[PlyCount "81"]
[SourceVersionDate "2023.09.11"]

1. d4 Nf6 2. c4 c5 3. d5 e5 4. Nc3 d6 5. e4 Be7 6. g3 Nbd7 7. Bg2 Nf8 8. Nge2 Ng6 9. h3 O-O 10. Be3 Bd7 11. O-O Ne8 12. Kh2 f5 13. exf5 Bxf5 14. Ne4 Nf6 15. N2c3 Nxe4 16. Nxe4 a6 17. Qe2 Rb8 18. a3 Nh8 19. b4 b6 20. Rfb1 Nf7 21. Rb3 Ng5 22. Bxg5 Bxg5 23. Rab1 Bxe4 24. Bxe4 Qc7 25. Kg2 cxb4 26. axb4 Bh6 27. Bd3 Rf7 28. Qe4 g6 29. h4 Rbf8 30. R3b2 Qc8 31. Re2 a5 32. bxa5 Qc5 33. Rbb2 bxa5 34. Qg4 a4 35. h5 g5 36. Qe6 Kg7 37. Bg6 a3 38. Rb5 Rxf2+ 39. Kh3 Qc8 40. Qxc8 Rxc8 41. Rb7+ 1-0

[Event "Newport Open"]
[Site "?"]
[Date "2023.09.08"]
[Round "1"]
[White "Kothari, Jai"]
[Black "Varley, Peter"]
[Result "0-1"]
[WhiteElo "1775"]
[BlackElo "2174"]
[PlyCount "88"]
[SourceVersionDate "2023.09.11"]

1. e4 e5 2. Nf3 Nc6 3. d4 exd4 4. Nxd4 Nf6 5. Nxc6 bxc6 6. e5 Qe7 7. Qe2 Nd5 8. Nd2 g6 9. c4 Nf4 10. Qe4 Ne6 11. b3 Bg7 12. Bb2 O-O 13. f4 f5 14. Qf3 Bb7 15. Bd3 d6 16. O-O-O dxe5 17. fxe5 Rad8 18. Rhe1 Nd4 19. Bxd4 Rxd4 20. Qe3 Qa3+ 21. Kb1 c5 22. Nf3 Rd6 23. Rd2 Rb6 24. Bc2 Ra6 25. Bd3 Re8 26. Qf4 Rb6 27. Bc2 Ra6 28. Bd3 Bc6 29. Re3 Rb8 30. Rb2 Rd8 31. Bc2 Qb4 32. Rd3 Rxd3 33. Bxd3 Bxf3 34. Rd2 Bc6 35. Qg5 Be8 36. Be2 Qc3 37. Bf3 Qxe5 38. Bd5+ Kh8 39. a4 Rb6 40. Kc2 Qc3+ 41. Kd1 Rxb3 42. Qd8 Rb1+ 43. Ke2 Qe5+ 44. Kd3 Re1 0-1

[Event "Newport Open"]
[Site "?"]
[Date "2023.09.08"]
[Round "1"]
[White "Macdonald, Duncan"]
[Black "Lavender, James"]
[Result "0-1"]
[WhiteElo "1685"]
[BlackElo "1997"]
[PlyCount "134"]
[SourceVersionDate "2023.09.11"]

1. c4 Nf6 2. Nc3 g6 3. e4 d6 4. d4 Bg7 5. Nf3 O-O 6. h3 c5 7. d5 e6 8. Be3 exd5 9. cxd5 Re8 10. Bd3 Na6 11. a3 c4 12. Bc2 Bd7 13. a4 Qa5 14. O-O Nb4 15. Nd4 a6 16. Re1 Qc7 17. Qd2 Nxc2 18. Qxc2 b6 19. f3 Rec8 20. Na2 Be8 21. Rac1 Nd7 22. Nc6 Ne5 23. Nxe5 Bxe5 24. b3 b5 25. Nb4 Qa5 26. Na2 c3 27. Qf2 bxa4 28. b4 Qd8 29. f4 Bf6 30. Bb6 Qe7 31. e5 Bg7 32. Nxc3 Rc4 33. exd6 Qxd6 34. Bc5 Qxf4 35. Qxf4 Rxf4 36. Ne4 Bb5 37. Nd6 Bd4+ 38. Kh2 Bf6 39. Nxb5 axb5 40. d6 Rd8 41. d7 Kg7 42. Re8 g5 43. Rd1 a3 44. Rxd8 Bxd8 45. Ra1 Rf5 46. Rxa3 Rd5 47. Ra7 Kf6 48. Rb7 Ke6 49. Rxb5 Kxd7 50. Rb7+ Ke6 51. Kg3 h5 52. Kf3 Rd2 53. g3 Rd3+ 54. Be3 Rb3 55. Kf2 f6 56. b5 Kf5 57. Rd7 Ba5 58. Bd2 Bxd2 59. Rxd2 Rxb5 60. Rd4 Rb2+ 61. Kf3 g4+ 62. Ke3 gxh3 63. Rh4 h2 64. Rxh5+ Kg4 65. Rh8 f5 66. Rh7 Kxg3 67. Rg7+ Kh3 0-1

[Event "Newport Open"]
[Site "?"]
[Date "2023.09.08"]
[Round "1"]
[White "Sagues, Vincent"]
[Black "Norris, Zack"]
[Result "1-0"]
[WhiteElo "1992"]
[BlackElo "1684"]
[PlyCount "186"]
[SourceVersionDate "2023.09.11"]

1. e4 e5 2. Nf3 Nc6 3. Bb5 Nf6 4. d3 d6 5. c3 Bd7 6. O-O Be7 7. Re1 O-O 8. Nbd2 a6 9. Ba4 b5 10. Bc2 Bg4 11. Nf1 d5 12. h3 Bxf3 13. Qxf3 d4 14. Ng3 g6 15. Bg5 Ne8 16. Bh6 Ng7 17. Qg4 Qc8 18. Qe2 Rd8 19. a3 Ne6 20. Bb3 Bf8 21. Bxf8 Rxf8 22. Bd5 Qd7 23. Qg4 Rad8 24. Rac1 Nb8 25. Bxe6 Qxe6 26. Qxe6 fxe6 27. c4 c6 28. Nf1 Rf6 29. Nd2 Nd7 30. cxb5 cxb5 31. Rc7 Nb6 32. Nf3 Rc8 33. Rxc8+ Nxc8 34. Nxe5 Ne7 35. Rc1 Rf8 36. Rc7 Nc8 37. Nc6 Nb6 38. Nxd4 Rd8 39. Nxe6 Rxd3 40. Rg7+ Kh8 41. Rb7 Nc8 42. Rf7 h6 43. Rf8+ Kh7 44. Rxc8 Rd1+ 45. Kh2 Rd2 46. Rc7+ Kh8 47. Kg3 Rxb2 48. Rc3 a5 49. Nd4 b4 50. axb4 Rxb4 51. Nc6 Rxe4 52. Nxa5 Kg7 53. Nc4 Kf6 54. Ne3 h5 55. Rc6+ Kg7 56. h4 Ra4 57. Rc2 Ra3 58. Kh2 Ra4 59. g3 Ra5 60. Ng2 Kf6 61. Nf4 Ra6 62. Kg2 Kf5 63. Rc5+ Kf6 64. Rg5 Kf7 65. Rxg6 Rxg6 66. Nxg6 Kxg6 67. f3 Kf5 68. Kf2 Ke5 69. Ke3 Kf5 70. Kd4 Kf6 71. Ke4 Kg6 72. Ke5 Kh6 73. Kf6 Kh7 74. Kg5 Kg7 75. Kxh5 Kh7 76. Kg5 Kg7 77. g4 Kh7 78. h5 Kh8 79. Kg6 Kg8 80. f4 Kh8 81. f5 Kg8 82. f6 Kh8 83. g5 Kg8 84. f7+ Kf8 85. h6 Ke7 86. Kg7 Ke6 87. f8=Q Ke5 88. Qf6+ Ke4 89. h7 Kd5 90. h8=Q Ke4 91. Qe8+ Kd5 92. Qee6+ Kc5 93. Qc6+ Kb4 1-0

[Event "Newport Open"]
[Site "?"]
[Date "2023.09.08"]
[Round "1"]
[White "Golley, Andrew"]
[Black "Garcia, Jason"]
[Result "0-1"]
[WhiteElo "1679"]
[BlackElo "1974"]
[PlyCount "88"]
[SourceVersionDate "2023.09.11"]

1. Nf3 c5 2. d3 e6 3. Nbd2 Nf6 4. e4 d6 5. g3 b6 6. Bg2 Bb7 7. O-O Be7 8. Re1 Nbd7 9. a4 a6 10. Nc4 b5 11. Ne3 O-O 12. b3 Qc7 13. Bb2 Rfe8 14. Qe2 Bf8 15. Qd2 Bc6 16. a5 Rac8 17. c4 b4 18. Ng5 h6 19. Nf3 g6 20. Nf1 e5 21. Ne3 Bg7 22. Nd5 Qd8 23. Bh3 Rb8 24. Qe2 Nf8 25. Bc1 Bd7 26. Bxd7 N6xd7 27. Be3 Rb7 28. Ra2 Nb8 29. Qd2 Kh7 30. h4 Nc6 31. Rea1 Ne6 32. Kg2 Rf8 33. Qd1 f5 34. exf5 gxf5 35. Rb1 f4 36. gxf4 exf4 37. Ng5+ hxg5 38. Qh5+ Kg8 39. Bd2 Qe8 40. Qg4 Ne5 41. Qh3 g4 42. Qh1 Qg6 43. Bxf4 Nxf4+ 44. Nxf4 Rxf4 0-1

[Event "Newport Open"]
[Site "?"]
[Date "2023.09.08"]
[Round "1"]
[White "Staniforth, Matthew"]
[Black "Dixon, Chris"]
[Result "1-0"]
[WhiteElo "1934"]
[BlackElo "1675"]
[PlyCount "71"]
[SourceVersionDate "2023.09.11"]

1. e4 d6 2. d4 Nf6 3. Nc3 g6 4. f4 Bg7 5. Nf3 O-O 6. e5 dxe5 7. fxe5 Nd5 8. Bc4 Nxc3 9. bxc3 c5 10. Bf4 Qa5 11. Qd2 cxd4 12. cxd4 Qxd2+ 13. Bxd2 Nc6 14. O-O e6 15. Rab1 Rb8 16. Bc1 Rd8 17. c3 Na5 18. Bb5 Bd7 19. Ng5 a6 20. Be2 Be8 21. Ne4 Bf8 22. Rf3 Be7 23. Nf6+ Bxf6 24. Rxf6 b5 25. Ba3 Nc4 26. Bxc4 bxc4 27. Rff1 Bc6 28. Bd6 Rxb1 29. Rxb1 Bb5 30. Rb4 Rc8 31. Kf2 Kg7 32. g4 h6 33. h4 g5 34. h5 Kg8 35. Bc5 Rb8 36. a4 1-0

[Event "Newport Open"]
[Site "?"]
[Date "2023.09.08"]
[Round "1"]
[White "Gore, Bob"]
[Black "Gibbons, Andrew"]
[Result "0-1"]
[WhiteElo "1669"]
[BlackElo "1925"]
[PlyCount "104"]
[SourceVersionDate "2023.09.11"]

1. d4 Nf6 2. Nf3 c5 3. c3 e6 4. Bf4 b6 5. e3 Bb7 6. Bd3 Be7 7. Nbd2 cxd4 8. exd4 O-O 9. h3 d6 10. Qc2 Nbd7 11. O-O-O Rc8 12. Rhg1 g6 13. g4 Nd5 14. Bh6 Nb4 15. Qb1 Nxd3+ 16. Qxd3 Re8 17. Bf4 Nf6 18. Bh2 Nd5 19. a3 Qc7 20. Nb1 a6 21. Rd2 b5 22. Rc2 Qb6 23. h4 a5 24. b3 b4 25. axb4 Nxb4 26. cxb4 Rxc2+ 27. Kxc2 Rc8+ 28. Kd1 Bxf3+ 29. Qxf3 Qxd4+ 30. Nd2 Qxb4 31. h5 Rc3 32. Qa8+ Kg7 33. h6+ Kxh6 34. f4 Rd3 35. Rg2 Qxb3+ 36. Ke1 Qc2 37. Qxa5 Bh4+ 38. Ke2 Rc3 39. Qa8 Qd3+ 40. Kd1 Kg7 41. Qa1 Qc2+ 42. Ke2 Qd3+ 43. Kd1 Qc2+ 44. Ke2 e5 45. fxe5 Bg5 46. Ke1 Bxd2+ 47. Kf1 Qd3+ 48. Re2 Rc1+ 49. Qxc1 Bxc1 50. exd6 Ba3 51. Ke1 Bxd6 52. Bxd6 Qxd6 0-1

[Event "Newport Open"]
[Site "?"]
[Date "2023.09.08"]
[Round "1"]
[White "Gordon, Sean"]
[Black "Lawrence, Spencer"]
[Result "1-0"]
[WhiteElo "1911"]
[BlackElo "1666"]
[PlyCount "73"]
[SourceVersionDate "2023.09.11"]

1. Nf3 Nf6 2. d4 g6 3. c4 Bg7 4. Nc3 d6 5. e4 O-O 6. Be2 Nbd7 7. O-O c6 8. h3 e5 9. Be3 Nh5 10. d5 Nc5 11. dxc6 Ne6 12. cxb7 Bxb7 13. Qd2 Nhf4 14. Nd5 g5 15. Nh2 f5 16. exf5 Rxf5 17. Bg4 Rf6 18. Nxf6+ Qxf6 19. Bxf4 Nxf4 20. g3 h5 21. gxf4 hxg4 22. Nxg4 Qe6 23. fxg5 Bf3 24. Qd3 Rf8 25. Kh2 Bxg4 26. hxg4 Qxg4 27. Qg3 Qxc4 28. Qb3 Qxb3 29. axb3 Rb8 30. Rxa7 Rxb3 31. Rd7 e4 32. Re1 Rxb2 33. Kg2 Rb5 34. Rxd6 Rxg5+ 35. Kf1 Re5 36. Rd4 e3 37. Rd8+ 1-0

[Event "Newport Open"]
[Site "?"]
[Date "2023.09.08"]
[Round "1"]
[White "Howells, S Wyn"]
[Black "Wilkins, Mark"]
[Result "1/2-1/2"]
[WhiteElo "1661"]
[BlackElo "1904"]
[PlyCount "33"]
[SourceVersionDate "2023.09.11"]

1. d4 Nf6 2. c4 e6 3. Nf3 b6 4. g3 Bb7 5. Bg2 Bb4+ 6. Bd2 a5 7. a3 Bxd2+ 8. Nbxd2 O-O 9. O-O d6 10. Qc2 Re8 11. Rad1 Nbd7 12. Rfe1 d5 13. Ne5 Rc8 14. e4 c5 15. exd5 exd5 16. Ndf3 Nf8 17. Ng5 1/2-1/2

[Event "Newport Open"]
[Site "?"]
[Date "2023.09.08"]
[Round "1"]
[White "Jukes, Sam"]
[Black "Wu, Yuxuan"]
[Result "1-0"]
[WhiteElo "1902"]
[BlackElo "1660"]
[PlyCount "83"]
[SourceVersionDate "2023.09.11"]

1. e4 c5 2. Nf3 e6 3. d4 cxd4 4. Nxd4 a6 5. Be2 Nf6 6. Bf3 Qc7 7. O-O Be7 8. Be3 O-O 9. Nd2 Nc6 10. Nxc6 dxc6 11. Nc4 b5 12. Nb6 Rb8 13. Nxc8 Rbxc8 14. c3 c5 15. a4 c4 16. axb5 axb5 17. Ra7 Qd8 18. Qxd8 Bxd8 19. Rb7 e5 20. Rxb5 Re8 21. Ra1 Re6 22. Ra7 Rec6 23. Rxe5 Bb6 24. Bxb6 Rxb6 25. Ra2 g6 26. g4 Rd6 27. g5 Nd7 28. Rd5 Rxd5 29. exd5 Ne5 30. Be2 Rc5 31. d6 Rd5 32. Ra4 Rxd6 33. Bxc4 Rb6 34. Bd5 Rxb2 35. Ra8+ Kg7 36. Ra7 Rd2 37. c4 Rd4 38. Re7 Rxd5 39. cxd5 Nf3+ 40. Kg2 Nxg5 41. f4 Kf6 42. Re8 1-0

[Event "Newport Open"]
[Site "?"]
[Date "2023.09.08"]
[Round "1"]
[White "Ashworth, Robert"]
[Black "Thomas, James"]
[Result "0-1"]
[WhiteElo "1657"]
[BlackElo "1895"]
[PlyCount "72"]
[SourceVersionDate "2023.09.11"]

1. e4 e5 2. Nf3 Nc6 3. Bc4 Bc5 4. c3 Nf6 5. d3 a6 6. a4 Ba7 7. O-O O-O 8. Bg5 d6 9. h3 Be6 10. Nbd2 h6 11. Bh4 Kh8 12. Re1 Rg8 13. Bxe6 fxe6 14. Nf1 g5 15. Bg3 Qe7 16. d4 g4 17. hxg4 Nxg4 18. Qd2 Qg7 19. Rad1 exd4 20. Nxd4 Nxd4 21. cxd4 e5 22. Ne3 Nxe3 23. Rxe3 Bxd4 24. Rf3 Raf8 25. Kf1 Kh7 26. Rf5 Qg4 27. Qc2 c5 28. Qb3 Rxf5 29. exf5 Qxf5 30. Qxb7+ Rg7 31. Qb3 e4 32. Re1 e3 33. Rxe3 Rxg3 34. Re7+ Rg7 35. Rxg7+ Kxg7 36. Qg3+ Qg6 0-1

[Event "Newport Open"]
[Site "?"]
[Date "2023.09.08"]
[Round "1"]
[White "May, Adam"]
[Black "Morgans, Justin"]
[Result "1/2-1/2"]
[WhiteElo "1881"]
[BlackElo "1640"]
[PlyCount "99"]
[SourceVersionDate "2023.09.11"]

1. d4 f5 2. Nf3 Nf6 3. g3 e6 4. Bg2 Be7 5. O-O O-O 6. c4 d6 7. b3 Ne4 8. Bb2 Nd7 9. Nbd2 Ndf6 10. Qc2 c6 11. Ne1 Nxd2 12. Qxd2 Bd7 13. f3 d5 14. Nd3 Qc7 15. Nf2 Rae8 16. e4 fxe4 17. fxe4 h6 18. e5 Nh7 19. Nh3 Rxf1+ 20. Rxf1 Rf8 21. Re1 a5 22. Bc3 a4 23. Bf1 axb3 24. axb3 Ng5 25. Nxg5 Bxg5 26. Qd1 Be8 27. Bd3 Qf7 28. Rf1 Be3+ 29. Kg2 Qe7 30. Rxf8+ Qxf8 31. Qe2 Bg5 32. Qg4 Qf7 33. h4 Be7 34. Bd2 Kh8 35. Bc2 Bf8 36. Qe2 g6 37. Qe1 b6 38. Qc1 Qg7 39. Qd1 dxc4 40. bxc4 c5 41. Bc3 Qb7+ 42. Kh2 Qf7 43. Qe2 cxd4 44. Bxd4 Bc5 45. Bxc5 bxc5 46. Be4 Kg7 47. Kg2 Qc7 48. Bf3 Bc6 49. Bxc6 Qxc6+ 50. Kh2 1/2-1/2

[Event "Newport Open"]
[Site "?"]
[Date "2023.09.08"]
[Round "1"]
[White "Archibald, Mckenzie"]
[Black "Walker, Max"]
[Result "0-1"]
[WhiteElo "1575"]
[BlackElo "1879"]
[PlyCount "26"]
[SourceVersionDate "2023.09.11"]

1. d4 d5 2. c4 e6 3. Nf3 a6 4. g3 dxc4 5. Nc3 b5 6. a4 b4 7. Ne4 Bb7 8. Ned2 c3 9. bxc3 bxc3 10. Nb3 Bb4 11. Qc2 Nf6 12. Bg2 Be4 13. Qa2 Bb1 0-1

[Event "Newport Open"]
[Site "?"]
[Date "2023.09.08"]
[Round "1"]
[White "Cossins-Smith, Joe"]
[Black "Davis, Ashley"]
[Result "0-1"]
[WhiteElo "1518"]
[BlackElo "1852"]
[PlyCount "70"]
[SourceVersionDate "2023.09.11"]

1. e4 c5 2. Nc3 e6 3. f4 d5 4. Nf3 Nc6 5. Bb5 Nge7 6. O-O a6 7. Bxc6+ Nxc6 8. d3 Be7 9. Qe2 d4 10. Nb1 b5 11. Nbd2 Bb7 12. Ng5 h6 13. Qh5 O-O 14. Nh3 Kh7 15. a3 g6 16. Qe2 Rc8 17. b3 Nb8 18. Nf3 Nd7 19. g4 c4 20. Bb2 cxd3 21. cxd3 Nf6 22. g5 Ng4 23. Bxd4 h5 24. b4 a5 25. Qb2 axb4 26. axb4 Qd6 27. Bc5 Rxc5 28. bxc5 Qxd3 29. Qb4 Qe3+ 30. Kh1 Bxc5 31. Qxb5 Bxe4 32. Kg2 Rd8 33. Ra2 Rd3 34. Nhg1 Qxg1+ 35. Rxg1 Bxf3+ 0-1

[Event "Newport Open"]
[Site "?"]
[Date "2023.09.08"]
[Round "1"]
[White "Cave, Iwan"]
[Black "Smith, Ellison"]
[Result "1-0"]
[WhiteElo "1850"]
[BlackElo "1496"]
[PlyCount "127"]
[SourceVersionDate "2023.09.11"]

1. d4 d5 2. c4 c6 3. Nf3 Nf6 4. e3 e6 5. b3 Nbd7 6. Bd3 dxc4 7. bxc4 b5 8. cxb5 cxb5 9. O-O a6 10. e4 Bb7 11. Bg5 Be7 12. Nbd2 O-O 13. Re1 Rc8 14. a4 bxa4 15. Rxa4 Nc5 16. dxc5 Qxd3 17. Rd4 Qb5 18. e5 Bxc5 19. Bxf6 Bxd4 20. Nxd4 Qd3 21. Qg4 Qg6 22. Qxg6 hxg6 23. Be7 Rfe8 24. Bd6 Bd5 25. h3 f6 26. Ra1 Ra8 27. N2b3 Rec8 28. Ra5 Kf7 29. Nc5 Bc4 30. f4 Ra7 31. Ne4 Bd5 32. Bc5 Bxe4 33. Bxa7 Bd3 34. Rc5 Rxc5 35. Bxc5 a5 36. h4 a4 37. Kf2 Bc4 38. Ke3 Kg8 39. g4 Kh7 40. g5 f5 41. Kd2 Kg8 42. Kc3 Bd5 43. Kb4 a3 44. Kxa3 Kf7 45. Kb4 Ke8 46. Ka5 Ba2 47. Kb6 Bd5 48. Kc7 Kf7 49. Nb5 Bb3 50. Nd6+ Kg8 51. Kd7 Ba2 52. Ke7 Bd5 53. Nb5 Bb7 54. Kxe6 Ba6 55. Nc7 Bc4+ 56. Ke7 Kh7 57. e6 Bb3 58. Kf8 Ba4 59. Bd4 Bc6 60. e7 Ba4 61. e8=Q Bxe8 62. Nxe8 Kh8 63. Bxg7+ Kh7 64. Nf6# 1-0

[Event "Newport Open"]
[Site "?"]
[Date "2023.09.08"]
[Round "1"]
[White "Smith, Callum"]
[Black "Turner, David"]
[Result "0-1"]
[WhiteElo "1409"]
[BlackElo "1850"]
[PlyCount "92"]
[SourceVersionDate "2023.09.11"]

1. e4 e5 2. Nf3 Nf6 3. Nxe5 Nxe4 4. Qe2 Qe7 5. Qxe4 d6 6. d4 dxe5 7. Qxe5 Qxe5+ 8. dxe5 Nc6 9. Bf4 Bf5 10. c3 O-O-O 11. Bb5 Nxe5 12. Bxe5 Rd5 13. Bd4 Rxb5 14. b3 Bd6 15. O-O Rd5 16. Nd2 c5 17. Be3 Bd3 18. Rfe1 Re8 19. Rad1 Bc2 20. Rc1 Rxe3 21. Rxe3 Rxd2 22. Rce1 Kd7 23. R3e2 Rxe2 24. Rxe2 Bd3 25. Re1 c4 26. b4 f6 27. g3 Be5 28. Rc1 g5 29. f3 h5 30. Kf2 f5 31. Ke3 f4+ 32. Kf2 Kd6 33. g4 hxg4 34. fxg4 Kd5 35. h3 a6 36. a4 Bc7 37. Re1 Bb6+ 38. Kf3 Be3 39. Ra1 Be4+ 40. Ke2 Bg2 41. Rd1+ Ke6 42. Rd8 Bb6 43. Rh8 f3+ 44. Kd2 f2 45. Rh6+ Ke5 46. Rxb6 f1=Q 0-1

[Event "Newport Open"]
[Site "?"]
[Date "2023.09.09"]
[Round "2"]
[White "Arkell, Keith"]
[Black "Staniforth, Matthew"]
[Result "1-0"]
[WhiteElo "2352"]
[BlackElo "1934"]
[PlyCount "133"]
[SourceVersionDate "2023.09.11"]

1. d4 Nf6 2. Nf3 e6 3. c4 c5 4. d5 d6 5. Nc3 e5 6. e4 Be7 7. Bd3 Nbd7 8. a3 Nf8 9. b4 b6 10. bxc5 bxc5 11. Rb1 Ng6 12. Bc2 O-O 13. Ba4 Bd7 14. O-O Qa5 15. Bxd7 Qxc3 16. Bb5 Nxe4 17. Nd2 Nxd2 18. Bxd2 Qd3 19. Rb3 Qf5 20. Rf3 Qc8 21. Qa4 a5 22. Bd7 Qc7 23. Rb3 Rfb8 24. Rfb1 Bd8 25. Bc6 Rxb3 26. Qxb3 Ra6 27. Qc2 Rb6 28. Rb5 Rxb5 29. cxb5 Ne7 30. g3 g6 31. Qc4 Nf5 32. Kg2 Nd4 33. f4 Qe7 34. Qd3 e4 35. Qc3 Bb6 36. g4 Qh4 37. Qg3 Qxg3+ 38. hxg3 Kf8 39. g5 Ke7 40. g4 a4 41. Bc3 Ne2 42. Bf6+ Kf8 43. Kf2 Nd4 44. Ke3 Nc2+ 45. Kxe4 Nxa3 46. Kd3 Ba5 47. b6 c4+ 48. Ke2 Bxb6 49. Bxa4 Ba5 50. Kd1 c3 51. Bb3 Nb5 52. Bc4 Nc7 53. Kc2 Ne8 54. Bd4 Ke7 55. Bb5 Nc7 56. Bf6+ Kf8 57. Bc4 Ne8 58. Bd4 Ke7 59. f5 f6 60. fxg6 hxg6 61. Bb5 fxg5 62. Bxe8 Kxe8 63. Bxc3 Bxc3 64. Kxc3 Kd7 65. Kb4 Ke7 66. Kb5 Kf6 67. Kb6 1-0

[Event "Newport Open"]
[Site "?"]
[Date "2023.09.09"]
[Round "2"]
[White "Gibbons, Andrew"]
[Black "Blackburn, Jonathan"]
[Result "0-1"]
[WhiteElo "1925"]
[BlackElo "2198"]
[PlyCount "62"]
[SourceVersionDate "2023.09.11"]

1. d4 Nf6 2. c4 g6 3. Nc3 Bg7 4. Nf3 O-O 5. Bg5 d6 6. e3 c6 7. Be2 Qb6 8. Qd2 h6 9. Bh4 Bf5 10. O-O Nbd7 11. Bg3 Ne4 12. Nxe4 Bxe4 13. Ne1 c5 14. Rd1 d5 15. f3 Bf5 16. cxd5 cxd4 17. Bf2 Nc5 18. e4 Bxe4 19. Bxd4 Bxd4+ 20. Qxd4 Bxd5 21. Kh1 Be6 22. Nd3 Nxd3 23. Rxd3 Rfd8 24. Qxb6 axb6 25. a3 Rxd3 26. Bxd3 Rd8 27. Be4 Rd2 28. Ra1 Rxb2 29. Bxb7 Ra2 30. Rb1 Rxa3 31. h3 Rb3 0-1

[Event "Newport Open"]
[Site "?"]
[Date "2023.09.09"]
[Round "2"]
[White "Varley, Peter"]
[Black "Gordon, Sean"]
[Result "1/2-1/2"]
[WhiteElo "2174"]
[BlackElo "1911"]
[PlyCount "166"]
[SourceVersionDate "2023.09.11"]

1. d4 d5 2. c4 c6 3. e3 Bf5 4. Nc3 e6 5. Nf3 Nd7 6. Be2 h6 7. O-O Ngf6 8. Bd2 Be7 9. Qb3 Qb6 10. Rfc1 O-O 11. Na4 Qxb3 12. axb3 a5 13. c5 Ne4 14. Be1 Bd8 15. Ne5 Nef6 16. f3 Nxe5 17. dxe5 Nd7 18. f4 f6 19. exf6 Bxf6 20. Bc3 Be7 21. Bd4 Be4 22. Bg4 Bf5 23. Bf3 Bd3 24. Rc3 Bh7 25. Rf1 Bd8 26. Rcc1 Bc7 27. Bc3 Rae8 28. g3 Bd3 29. Rfd1 Bh7 30. Kg2 Rd8 31. h4 e5 32. b4 axb4 33. Bxb4 exf4 34. exf4 Nf6 35. Bc3 Be4 36. Bxe4 Nxe4 37. Bd4 Ra8 38. Nc3 Rfe8 39. Kf3 Kf7 40. Nxe4 Rxe4 41. Rc3 Ra7 42. Rb3 Re7 43. Re3 Rxe3+ 44. Kxe3 Ra4 45. Rd3 Rb4 46. Ra3 Bd8 47. Bc3 Rb5 48. b4 Bf6 49. Bxf6 Kxf6 50. Ra4 Kf5 51. Kf3 h5 52. Kg2 Ke4 53. Ra8 Rxb4 54. Rg8 Rb2+ 55. Kh3 d4 56. Rxg7 d3 57. Re7+ Kf3 58. Rd7 d2 59. f5 Ke3 60. f6 Ra2 61. f7 Ra8 62. g4 hxg4+ 63. Kxg4 Rf8 64. Re7+ Kd4 65. Kg5 Kxc5 66. Rd7 Rxf7 67. Rxd2 b5 68. h5 b4 69. Kg6 Ra7 70. h6 b3 71. h7 Rxh7 72. Kxh7 Kb4 73. Kg6 Kc3 74. Rd6 c5 75. Kf5 b2 76. Rb6 c4 77. Ke4 Kc2 78. Kd4 c3 79. Kc4 Kd2 80. Rb3 b1=Q 81. Rxb1 c2 82. Rb2 Kd1 83. Rxc2 Kxc2 1/2-1/2